[Event "Porto San Giorgio op-A 21st"]
[Site "Porto San Giorgio"]
[Date "2009.08.28"]
[Round "8"]
[White "Ranieri, Fabrizio"]
[Black "Piva, Giorgio"]
[Result "1-0"]
[WhiteElo "2264"]
[BlackElo "2159"]
[PlyCount "97"]
[EventDate "2009.08.21"]
[EventType "swiss"]
[EventRounds "9"]
[EventCountry "ITA"]
[SourceTitle "CBM 131 Extra"]
[Source "ChessBase"]
[SourceDate "2009.09.03"]
[SourceVersion "2"]
[SourceVersionDate "2009.09.16"]
[SourceQuality "1"]

1. e4 c5 2. Nf3 g6 3. d4 cxd4 4. Nxd4 Nf6 5. Nc3 Bg7 6. Bg5 Nc6 7. Nxc6 bxc6 8. e5 Ng8 9. f4 Qb6 10. Qd2 Qxb2 11. Rb1 Qa3 12. Rb3 Qa5 13. Bd3 f6 14. exf6 Nxf6 15. 0-0 0-0 16. f5 gxf5 17. Rxf5 d5 18. Bxf6 exf6 19. Qf2 Ba6 20. Ne2 Bxd3 21. Rxd3 Rae8 22. h3 Re5 23. Nd4 Re1+ 24. Kh2 Rfe8 25. Rg3 Qc7 26. Rh5 R8e3 27. Nf5 Rxg3 28. Nxg3 Re5 29. Qf4 Qf7 30. Rh4 Kh8 31. Nf5 Bf8 32. Rg4 Re4 33. Nd6 Bxd6 34. Qxd6 Re6 35. Qb8+ Re8 36. Qf4 Qe7 37. Qh6 Qe5+ 38. Rf4 c5 39. h4 Kg8 40. g3 Kh8 41. Rxf6 Rg8 42. Rf4 Qg7 43. Qxg7+ Kxg7 44. Rg4+ Kf7 45. Rxg8 Kxg8 46. g4 Kf7 47. Kg3 h6 48. Kf4 Ke6 49. c3 1-0

[Event "Porto San Giorgio op-A 21st"]
[Site "Porto San Giorgio"]
[Date "2009.08.27"]
[Round "7"]
[White "Piva, Giorgio"]
[Black "Aleksic, Nenad"]
[Result "0-1"]
[WhiteElo "2159"]
[BlackElo "2367"]
[PlyCount "58"]
[EventDate "2009.08.21"]
[EventType "swiss"]
[EventRounds "9"]
[EventCountry "ITA"]
[SourceTitle "CBM 131 Extra"]
[Source "ChessBase"]
[SourceDate "2009.09.03"]
[SourceVersion "2"]
[SourceVersionDate "2009.09.16"]
[SourceQuality "1"]

1. d4 b6 2. Bf4 Ba6 3. Nd2 Nf6 4. Ngf3 e6 5. h3 Be7 6. c4 0-0 7. e3 c5 8. Be2 Nc6 9. Rc1 cxd4 10. exd4 d5 11. Qa4 Bb7 12. c5 bxc5 13. dxc5 Nd7 14. b4 a6 15. Nb3 e5 16. Bd2 Bf6 17. Na5 Qc7 18. 0-0 e4 19. Nh2 Nd4 20. Bd1 Ne5 21. Ng4 Nxg4 22. Bxg4 Bc8 23. Qd1 Bxg4 24. hxg4 Ne6 25. Nb3 Be5 26. Qe2 f5 27. f3 Bh2+ 28. Kh1 Bg3 29. gxf5 Qe7 0-1

[Event "Porto San Giorgio op 20th"]
[Site "Porto San Giorgio"]
[Date "2008.08.29"]
[Round "9"]
[White "Piva, Giorgio"]
[Black "Liguori, Renato"]
[Result "0-1"]
[WhiteElo "2167"]
[BlackElo "2103"]
[PlyCount "76"]
[EventDate "2008.08.21"]
[EventType "swiss"]
[EventRounds "9"]
[EventCountry "ITA"]
[SourceTitle "CBM 126 Extra"]
[Source "ChessBase"]
[SourceDate "2008.11.05"]
[SourceVersion "1"]
[SourceVersionDate "2008.11.05"]
[SourceQuality "1"]

1. d4 Nf6 2. Bf4 g6 3. e3 Bg7 4. Be2 0-0 5. Nf3 d6 6. 0-0 Nbd7 7. h3 Qe8 8. c4 e5 9. Bh2 Qe7 10. Nc3 c6 11. Rc1 Re8 12. Re1 h6 13. b4 a5 14. a3 axb4 15. axb4 e4 16. Nd2 Nf8 17. c5 d5 18. Qb3 N6h7 19. b5 Qg5 20. Bf4 Qf6 21. bxc6 bxc6 22. Ra1 Rxa1 23. Rxa1 Ne6 24. Be5 Qg5 25. Bxg7 Kxg7 26. Nf1 Nef8 27. Kh2 Qh4 28. Ng3 Nf6 29. Ra8 Bxh3 30. Rxe8 Bd7+ 31. Kg1 Bxe8 32. Qb6 Ne6 33. Ba6 Bd7 34. Bb7 Ng5 35. Bxc6 Bh3 36. Nxd5 Bxg2 37. Nxf6 Nf3+ 38. Kxg2 Qh2+ 0-1

[Event "Bratto op 26th"]
[Site "Bratto"]
[Date "2006.08.23"]
[Round "5"]
[White "Orsi, Massimiliano"]
[Black "Piva, Giorgio"]
[Result "0-1"]
[WhiteElo "2025"]
[BlackElo "2129"]
[PlyCount "68"]
[EventDate "2006.08.19"]
[EventType "swiss"]
[EventRounds "9"]
[EventCountry "ITA"]
[SourceTitle "CBM 113 Extra"]
[Source "ChessBase"]
[SourceDate "2006.09.14"]
[SourceVersion "1"]
[SourceVersionDate "2006.09.14"]
[SourceQuality "1"]

1. e4 c5 2. Nf3 d6 3. d4 cxd4 4. Nxd4 Nf6 5. Nc3 g6 6. f3 Bg7 7. Be3 Nc6 8. Qd2 0-0 9. 0-0-0 Bd7 10. g4 Rc8 11. Kb1 Ne5 12. h4 Qa5 13. Nd5 Qxd2 14. Nxe7+ Kh8 15. Rxd2 Rce8 16. Nd5 Nxd5 17. exd5 Nxg4 18. fxg4 Rxe3 19. c3 Bxg4 20. Kc2 a6 21. Kb3 Rfe8 22. Rg1 Bh5 23. Kb4 R8e4 24. Ka5 Bxd4 25. cxd4 Rxh4 26. Kb6 Re7 27. Bg2 f5 28. Rc1 Rh2 29. Rdc2 f4 30. Bf1 Rxc2 31. Rxc2 Bf3 32. Rc7 Re1 33. Bc4 Rc1 34. Kxb7 Rxc4 0-1

[Event "ITA-ch sf 66th"]
[Site "Cortina d'Ampezzo"]
[Date "2006.07.10"]
[Round "2.12"]
[White "Sbarra, Marco"]
[Black "Piva, Giorgio"]
[Result "1-0"]
[WhiteElo "2290"]
[BlackElo "2129"]
[PlyCount "31"]
[EventDate "2006.07.09"]
[EventType "swiss"]
[EventRounds "9"]
[EventCountry "ITA"]
[SourceTitle "EXT 2023"]
[Source "ChessBase"]
[SourceDate "2022.10.05"]
[SourceVersion "1"]
[SourceVersionDate "2022.10.05"]
[SourceQuality "1"]

1. c4 e5 2. Nc3 Nc6 3. Nf3 Bb4 4. Nd5 a5 5. Nxb4 axb4 6. d4 e4 7. Nd2 d5 8. e3 Nf6 9. f3 0-0 10. cxd5 Qxd5 11. fxe4 Nxe4 12. Bc4 Qf5 13. Nxe4 Qxe4 14. 0-0 Ne5 15. Rf4 Qc6 16. dxe5 1-0

[Event "Padova CIS Serie B8 37th"]
[Site "Padova"]
[Date "2005.04.10"]
[Round "4.2"]
[White "Quaranta, Cristiano"]
[Black "Piva, Giorgio"]
[Result "1/2-1/2"]
[WhiteElo "2072"]
[BlackElo "2125"]
[PlyCount "66"]
[EventDate "2005.04.07"]
[EventType "team-swiss"]
[EventRounds "3"]
[EventCountry "ITA"]
[SourceTitle "EXT 2024"]
[Source "ChessBase"]
[SourceDate "2023.10.10"]
[SourceVersion "1"]
[SourceVersionDate "2023.10.10"]
[SourceQuality "1"]

1. Nf3 d5 2. e3 Nc6 3. d4 Bf5 4. a3 e6 5. c4 Nf6 6. Nc3 Be7 7. Qb3 a6 8. Ne5 0-0 9. Be2 dxc4 10. Qxc4 Nxe5 11. dxe5 Nd7 12. f4 Nc5 13. 0-0 Bd3 14. Bxd3 Qxd3 15. Qxd3 Nxd3 16. Rd1 Rfd8 17. Ne4 f5 18. Nf2 Nc5 19. b4 Rxd1+ 20. Nxd1 Ne4 21. Nf2 Rd8 22. Nxe4 fxe4 23. Kf2 c5 24. bxc5 Bxc5 25. a4 b6 26. Ke2 Rd3 27. Bd2 Kf7 28. Rc1 a5 29. Rc4 Ra3 30. Rxe4 Ra2 31. Kd3 Ra3+ 32. Ke2 Ra2 33. Kd3 Ra3+ 1/2-1/2

[Event "Porto San Giorgio op 15th"]
[Site "Porto San Giorgo"]
[Date "2003.08.28"]
[Round "8"]
[White "Tomescu, Vlad"]
[Black "Piva, Giorgio"]
[Result "1-0"]
[WhiteElo "2427"]
[BlackElo "2165"]
[PlyCount "57"]
[EventDate "2003.08.21"]
[EventType "swiss"]
[EventRounds "9"]
[EventCountry "ITA"]
[SourceTitle "CBM 095 Extra"]
[Source "ChessBase"]
[SourceDate "2003.09.04"]
[SourceVersion "1"]
[SourceVersionDate "2003.09.04"]
[SourceQuality "1"]

1. e4 c5 2. Nf3 d6 3. d4 cxd4 4. Nxd4 Nf6 5. Nc3 g6 6. Be3 Bg7 7. f3 Nc6 8. Qd2 0-0 9. 0-0-0 Bd7 10. g4 Rc8 11. h4 Ne5 12. h5 Qa5 13. Nb3 Qc7 14. Be2 b5 15. Kb1 b4 16. Nd5 Nxd5 17. exd5 Rfe8 18. Rh2 a5 19. hxg6 fxg6 20. Rdh1 a4 21. Nd4 a3 22. Rxh7 Nc4 23. Bxc4 Qxc4 24. Nb3 Bxb2 25. Bd4 Bxd4 26. Nxd4 Qc3 27. Rh8+ Kg7 28. R1h7+ Kf6 29. Qf4+ 1-0

[Event "Nereto op"]
[Site "Nereto"]
[Date "2002.??.??"]
[Round "6"]
[White "D'Innocente, Stefano"]
[Black "Piva, Giorgio"]
[Result "1-0"]
[WhiteElo "2205"]
[BlackElo "2135"]
[PlyCount "65"]
[EventDate "2002.??.??"]
[EventType "swiss"]
[EventRounds "9"]
[EventCountry "ITA"]
[SourceTitle "EXT 2003"]
[Source "ChessBase"]
[SourceDate "2002.11.25"]
[SourceVersion "1"]
[SourceVersionDate "2002.11.25"]
[SourceQuality "1"]

1. e4 c5 2. Nf3 d6 3. d4 cxd4 4. Nxd4 Nf6 5. f3 Nc6 6. c4 Qb6 7. Nc2 g6 8. Nc3 Bg7 9. Rb1 Ng4 10. Qd2 Bxc3 11. Qxc3 Qf2+ 12. Kd1 0-0 13. Bd2 Nf6 14. Qe3 Qxe3 15. Nxe3 a5 16. Bc3 Nd7 17. h4 f6 18. Be2 Nb6 19. b3 f5 20. h5 g5 21. exf5 Bxf5 22. Nxf5 Rxf5 23. Bd3 Rf7 24. a3 d5 25. h6 dxc4 26. bxc4 Na4 27. Kc2 e6 28. Rh5 Nxc3 29. Rxg5+ Kf8 30. Kxc3 Rd8 31. Rg7 Rdd7 32. Rxf7+ Rxf7 33. Be4 1-0

[Event "Veneto Region-ch"]
[Site "Arqua Petrarca"]
[Date "2001.05.05"]
[Round "1"]
[White "Piva, Giorgio"]
[Black "Dal Zovo, Claudio"]
[Result "1-0"]
[WhiteElo "2142"]
[BlackElo "1768"]
[PlyCount "103"]
[EventDate "2001.05.05"]
[EventType "swiss"]
[EventRounds "6"]
[EventCountry "ITA"]
[SourceTitle "EXT 2023"]
[Source "ChessBase"]
[SourceDate "2022.10.05"]
[SourceVersion "1"]
[SourceVersionDate "2022.10.05"]
[SourceQuality "1"]

1. d4 Nf6 2. Bg5 e6 3. e3 Be7 4. Bd3 c5 5. Nd2 b6 6. Ngf3 Bb7 7. Qe2 d6 8. 0-0 Nbd7 9. a4 0-0 10. a5 Re8 11. Ra2 Qc7 12. Rfa1 h6 13. Bh4 Nd5 14. Bxe7 Nxe7 15. c3 e5 16. dxe5 Nxe5 17. Nxe5 dxe5 18. Ba6 Ng6 19. Bxb7 Qxb7 20. axb6 axb6 21. Qb5 Rab8 22. f3 Re6 23. Ne4 Ne7 24. Ra7 Qd5 25. Rd7 Qc6 26. Qd3 Nc8 27. Rd8+ Re8 28. Rd1 Kf8 29. g4 Rb7 30. Kf2 Rbe7 31. Ng3 Rxd8 32. Qxd8+ Re8 33. Qd3 g6 34. Ne4 Kg7 35. h4 Qe6 36. Qd7 Qxd7 37. Rxd7 Re6 38. g5 hxg5 39. hxg5 Re8 40. Nf6 Rf8 41. Ke2 Rh8 42. Kd3 Rh2 43. Ke4 Rxb2 44. Rd8 Ne7 45. Re8 Ra2 46. Rxe7 Ra8 47. Rb7 Rh8 48. Rxb6 Rc8 49. Kxe5 Kf8 50. Rb8 Rxb8 51. Nd7+ Ke7 52. Nxb8 1-0

[Event "Bratto op 18th"]
[Site "Bratto"]
[Date "1998.??.??"]
[Round "?"]
[White "Capece, Adolivio"]
[Black "Piva, Giorgio"]
[Result "1/2-1/2"]
[WhiteElo "2015"]
[BlackElo "2165"]
[PlyCount "91"]
[EventDate "1998.??.??"]
[EventType "swiss"]
[EventRounds "9"]
[EventCountry "ITA"]
[SourceTitle "EXT 2000"]
[Source "ChessBase"]
[SourceDate "1999.11.16"]
[SourceVersion "1"]
[SourceVersionDate "1999.11.16"]
[SourceQuality "1"]

1. c4 c6 2. Nc3 d5 3. g3 Nf6 4. Bg2 d4 5. Ne4 e5 6. d3 Nxe4 7. Bxe4 Nd7 8. a3 a5 9. b3 Bd6 10. Bg2 0-0 11. Nf3 c5 12. 0-0 h6 13. Bd2 Nb8 14. Qc2 Nc6 15. Rfc1 Qe7 16. Rab1 Be6 17. Rb2 Ra7 18. Ne1 Qd7 19. Qd1 Rc8 20. Nc2 Qe7 21. Rcb1 Rca8 22. b4 axb4 23. axb4 cxb4 24. Nxb4 Nxb4 25. Bxb4 Bxb4 26. Rxb4 Bc8 27. R4b2 Qc7 28. Qb3 Qe7 29. Bd5 Be6 30. Bxe6 Qxe6 31. Qd1 Qe7 32. Qf1 e4 33. Qg2 f5 34. g4 e3 35. fxe3 Qxe3+ 36. Qf2 fxg4 37. Qxe3 dxe3 38. Kg2 Rf8 39. Rf1 Rxf1 40. Kxf1 Ra1+ 41. Kg2 Re1 42. Kg3 h5 43. Kf4 Rh1 44. Kxe3 Rxh2 45. Rxb7 Rh1 46. Kf4 1/2-1/2

[Event "Bratto op 18th"]
[Site "Bratto"]
[Date "1998.??.??"]
[Round "?"]
[White "Eynard, Valdo"]
[Black "Piva, Giorgio"]
[Result "1/2-1/2"]
[WhiteElo "2085"]
[BlackElo "2165"]
[PlyCount "92"]
[EventDate "1998.??.??"]
[EventType "swiss"]
[EventRounds "9"]
[EventCountry "ITA"]
[SourceTitle "EXT 2000"]
[Source "ChessBase"]
[SourceDate "1999.11.16"]
[SourceVersion "1"]
[SourceVersionDate "1999.11.16"]
[SourceQuality "1"]

1. e4 c5 2. Nf3 d6 3. Bb5+ Bd7 4. Bxd7+ Nxd7 5. c4 Ngf6 6. Nc3 g6 7. 0-0 Bg7 8. d3 0-0 9. Ng5 Ne5 10. f4 Nc6 11. f5 Qd7 12. Be3 Ne5 13. h3 b6 14. g4 h6 15. Nf3 g5 16. Qe2 Rac8 17. Rad1 Qb7 18. Nxe5 dxe5 19. Bf2 Nd7 20. Bg3 f6 21. Qh2 Kf7 22. h4 Rh8 23. h5 Nb8 24. Nd5 Nc6 25. Bf2 e6 26. fxe6+ Kxe6 27. Be3 Ne7 28. Qf2 Rhf8 29. Bd2 Qd7 30. Bc3 Nxd5 31. exd5+ Kd6 32. Qf5 Qxf5 33. Rxf5 Rfe8 34. Re1 Rb8 35. b3 b5 36. Kg2 b4 37. Ba1 a5 38. Kf3 Re7 39. Ke4 a4 40. Rf2 a3 41. Ref1 Rf8 42. Kf5 Rg8 43. Re2 Bh8 44. Rfe1 Rgg7 45. Re4 Kd7 46. R1e2 Kd6 1/2-1/2